Facts on Czechoslovak Foreign Trade
Enregistré dans:
| Format: | Livre |
|---|---|
| Langue: | anglais |
| Publié: |
Praha
Czechoslovak Chamber of Commerce and Industry
1988
|
| Édition: | 1. ed. |
| Tags: |
Pas de tags, Soyez le premier à ajouter un tag!
|
MARC
| LEADER | 00000nam a2200000 4500 | ||
|---|---|---|---|
| 001 | c028262 | ||
| 005 | 20221206134218.1 | ||
| 041 | 0 | |a eng | |
| 044 | |a CZ | ||
| 245 | 1 | 0 | |a Facts on Czechoslovak Foreign Trade |
| 250 | |a 1. ed. | ||
| 264 | 1 | |a Praha |b Czechoslovak Chamber of Commerce and Industry |c 1988 | |
| 300 | |a 224 s. | ||